| 000 | 00773nam a2200289 a 4500 | ||
|---|---|---|---|
| 003 | AR-BaBNM | ||
| 005 | 20251128205441.0 | ||
| 008 | 082120s2002 ||||||||||||||000 | spa|| | ||
| 040 | _cAR-BaBNM | ||
| 100 | 1 | _aRiehecky, Janet | |
| 245 | 0 | 0 | _aLa responsabilidad |
| 260 |
_a[S.l.] _bEncyclopaedia Britannica _c1991 |
||
| 300 |
_a31 p. _bil. |
||
| 490 | 0 |
_aValores para la vida _vv. 20 |
|
| 650 | 4 | _aVALORES MORALES | |
| 650 | 4 | _aVALORES CULTURALES | |
| 650 | 4 | _aVALORES SOCIALES | |
| 650 | 4 | _aEDUCACION MORAL | |
| 653 | _aEDUCACION EN VALORES | ||
| 653 | _aEDUCACION INICIAL | ||
| 653 | _aPRIMER CICLO DE LA EGB | ||
| 700 | 1 | _aPemberton, N. | |
| 700 | 1 |
_aHohag, Linda _eilustrador |
|
| 700 | 1 |
_aJacobson, Lori _eilustrador |
|
| 942 | _cBK | ||
| 998 | _cSILVI | ||
| 999 |
_c11456 _d11456 |
||